000 00754cam a22002171 4500
001 g 01002117
003 DLC
005 20260227111257.0
008 801017m17561764gw 000 0 ger
010 _ag 01002117
035 _a(OCoLC)6837810
040 _aDLC
_cTxU
_dGU
_dDLC
042 _apremarc
050 0 0 _aZ1010
_b.H19
100 1 _aHamberger, Georg Christoph,
_d1726-1773.
245 0 0 _aM. Georg Christoph Hambergers ...
_bZuverlÄssige Nachrichten von den vornehmsten Schriftstellern vom Anfange der Welt bis 1500.
_cMit einer Vorrede ... des Herrn Professors Gesner ...
260 _aLemgo,
_bMeyer,
_c1756-64.
300 _a4 v.
_c20 cm.
650 0 _aBio-bibliography.
710 2 _aPre-1801 Imprint Collection (Library of Congress)
_5DLC
999 _c23914
_d23914